Karen's Kittycat Club / (Record no. 1005)

MARC details
000 -LEADER
fixed length control field 01030cam a22003133a 4500
005 - DATE AND TIME OF LATEST TRANSACTION
control field 20230815143035.0
020 ## - INTERNATIONAL STANDARD BOOK NUMBER
International Standard Book Number 0590417827 :
020 ## - INTERNATIONAL STANDARD BOOK NUMBER
International Standard Book Number 9780590442640
020 ## - INTERNATIONAL STANDARD BOOK NUMBER
International Standard Book Number 9780590417822
040 ## - CATALOGING SOURCE
Original cataloging agency VTL
Transcribing agency VTL
Modifying agency PRC
-- TCA
-- OCL
-- BTCTA
-- LPU
-- DLC
Language of cataloging eng
050 00 - LIBRARY OF CONGRESS CALL NUMBER
Classification number PZ7.M3567585
082 ## - DEWEY DECIMAL CLASSIFICATION NUMBER
Classification number 813.54
100 1# - MAIN ENTRY--PERSONAL NAME
Personal name Martin, Ann M.,
Dates associated with a name 1955-
245 10 - TITLE STATEMENT
Title Karen's Kittycat Club /
Statement of responsibility, etc. Ann M. Martin ; illustrations by Susan Tang.
260 ## - PUBLICATION, DISTRIBUTION, ETC.
Place of publication, distribution, etc. New York :
Name of publisher, distributor, etc. Scholastic,
Date of publication, distribution, etc. 1989.
300 ## - PHYSICAL DESCRIPTION
Extent 102 pages :
Other physical details illustrations ;
Dimensions 20 cm
490 1# - SERIES STATEMENT
Series statement Baby-sitters little sister ;
Volume/sequential designation Book 4
500 ## - GENERAL NOTE
General note "A little Apple paperback."
505 ## - FORMATTED CONTENTS NOTE
Formatted contents note N <br/>
520 ## - SUMMARY, ETC.
Summary, etc. Karen wants to start a club like her big sister, but instead of babysitting they will cat-sit.
521 ## - TARGET AUDIENCE NOTE
Target audience note 560 <br/>
Source Lexile <br/>
521 ## - TARGET AUDIENCE NOTE
Target audience note N <br/>
Source Raz-Plus <br/>
655 #7 - INDEX TERM--GENRE/FORM
Genre/form data or focus term Children's stories.
Source of term lcsh
700 1# - ADDED ENTRY--PERSONAL NAME
Personal name Tang, Susan
906 ## - LOCAL DATA ELEMENT F, LDF (RLIN)
a 7
b cbc
c copycat
d 2
e ncip
f 20
g y-genrareb
942 ## - ADDED ENTRY ELEMENTS (KOHA)
Source of classification or shelving scheme Dewey Decimal Classification
Koha item type Books
Suppress in OPAC No
999 ## -
-- 1005
-- 1005
Holdings
Withdrawn status Lost status Source of classification or shelving scheme Damaged status Not for loan Collection Home library Current library Shelving location Date acquired Total Checkouts Full call number Barcode Date last seen Date last checked out Price effective from Koha item type
    Dewey Decimal Classification     Fiction Footprints International School Library Network Toul Kork Campus Footprints International School Library Network Toul Kork Campus   07/18/2023 3 MAR Fic PZ7.M3567585 FIS00038 03/04/2024 02/26/2024 07/18/2023 Books